Labour problems and remedies : (Record no. 93334)

MARC details
000 -LEADER
fixed length control field 00725nam a22002177a 4500
005 - DATE AND TIME OF LATEST TRANSACTION
control field 20150622143521.0
010 ## - LCCN (DPL NO)
LC control number ENG-112867
020 ## - INTERNATIONAL STANDARD BOOK NUMBER
Terms of availability 595.00
International Standard Book Number 9789350354803
035 ## - SYSTEM CONTROL NUMBER
System control number EN-96399
037 ## - SOURCE OF ACQUISITION
Source of stock number/acquisition DBAD/PUB
082 ## - DEWEY DECIMAL CLASSIFICATION NUMBER
Classification number 344.5401
100 ## - MAIN ENTRY--PERSONAL NAME
Personal name Kumar, H.L.
245 ## - TITLE STATEMENT
Title Labour problems and remedies :
Statement of responsibility, etc by H.L.Kumar [and] Gaurav Kumar
Remainder of title a ready referencer to handle day-to-day labour problems based on dedicated cases /
250 ## - EDITION STATEMENT
Edition statement 12th ed
260 ## - PUBLICATION, DISTRIBUTION, ETC. (IMPRINT)
Place of publication, distribution, etc Delhi
Name of publisher, distributor, etc Universal Law Publishing
Date of publication, distribution, etc 2014
270 ## - ADDRESS
Address A-58 G.T. Karnal Road,Industrial Area,
City Delhi
Postal code 110033
300 ## - PHYSICAL DESCRIPTION
Extent lxxx,430p.
Dimensions 25cm(pbk)
500 ## - GENERAL NOTE
General note Includes index
700 ## - ADDED ENTRY--PERSONAL NAME
Personal name Gaurav Kumar
942 ## - ADDED ENTRY ELEMENTS (KOHA)
Source of classification or shelving scheme Dewey Decimal Classification
Item type English Books
Call number suffix KUM
Classification part 344.5401
Holdings
Withdrawn status Lost status Not for loan Collection code Home library Current library Date acquired Source of acquisition Cost, normal purchase price Full call number Barcode Copy number Cost, replacement price Koha item type
    Not For Loan Non-fiction D.B.Act.Division D.B.Act.Division 06/05/2015 DBAD/PUB 595.00 344.5401 KUM EN-96399 1 595.00 English Books

© Delhi Public Library
Hit Counter
free hit counter